000 01146nam a2200289 a 4500
001 000011492
005 20240307073945.0
008 091019s1986 dr a 000 0 spa d
040 _aDO-SdBNP
_bspa
_cBNPHU
082 _a792.09
_bM857t
100 1 _aMorillo B., Mariano,
_d1957-
_927204
245 1 0 _aTeatro en el tiempo /
_cMariano Morillo B. ; prólogo Haffe Serulle ; presentación Angelita de León.
260 _aSanto Domingo :
_bUASD,
_c1986.
300 _a87 p. :
_bil. ;
_c22 cm.
490 1 _aPublicaciones de la Universidad Autónoma de Santo Domingo
_v456
500 _aIncluye datos biográficos del autor en la contracubierta
504 _aBibliografia : p. 88
590 _aInventariado, 2018/BT
650 4 _aTeatro
_xHistoria
_927205
650 4 _aDrama
_xHistoriay crítica
_927206
700 1 2 _aMorillo B., Mariano.
_tManto.
_f1986
_927207
700 1 2 _aSerrulle, Haffe,
_epról.
_927208
700 1 2 _aLeón, Angelita de.
_927209
710 1 _aUniversidad Autónoma de Santo Domingo
_972951
830 0 _aPublicaciones de la Universidad Autónoma de Santo Domingo
_n456
_927210
910 _aValidado. Control de calidad. MFF
999 _c11193
_d11193